000 00788nam a2200205 a 4500
003 0
005 20250225122005.0
008 101013s19uu xx 00 eng d
050 _aPHS BF 698.35.P37
_b.H43 2010
100 _aHermanos, Carlos Raphael M.
245 _aThe relationship between parental motivation and self-esteem of high school IV students /
_cCarlos Raphael M. Hermanos.
260 _aLas PiƱas City, Philippines :
_bSouthville International School and Colleges,
_c2010.
300 _a21 pages :
_billustrations ;
_c30 cm.
504 _aIncludes bibliographical references.
650 _aParenting
_xPsychological aspects.
650 _aParental motivation.
650 _aSelf-esteem in adolescence.
650 _aParent and child
_xSocial aspects.
942 _2lcc
_cPASS
999 _c98403
_d98403